Из Какой Страны Этот Бренд? - Statistics

General Stats
  • This quiz has been taken 625 times
  • The average score is 9 of 25
Answer Stats
Hint Answer % Correct
Германия
83%
Соединённые Штаты
83%
Китай
73%
Япония
63%
Франция
60%
Канада
49%
Дания
48%
Чехия
46%
Украина
42%
Финляндия
42%
Южная Корея
34%
Швейцария
32%
Испания
30%
Швеция
23%
Турция
23%
Румыния
20%
Бельгия
18%
Эстония
16%
Австрия
15%
Польша
14%
Нидерланды
12%
Сингапур
12%
Норвегия
7%
Мексика
7%
ЮАР
5%
No matching quizzes found
Score Distribution
Percent of People with Each Score
Percentile by Number Answered
Your Score History
You have not taken this quiz